00366nam a2200133Ia 4500003000400000005001700004008004100021040000900062082001700071100002300088245007000111260004200181300000900223OSt20200612113936.0190216s9999||||xx |||||||||||||| ||und|| coclc a146.3bILI/A aIlitskaya, Lenina  0aABC Of Dialectical And Historical Materialism /cLenina Ilitskaya bProgress Publishers, c1977.aMoscow: a510p